[Event "EIBCC 2019"]
[Site "Tallinn"]
[Date "2019.12.07"]
[Round "12.12"]
[White "Shapiro, Viktor"]
[Black "Schneider, Ilja"]
[Result "0-1"]
[WhiteElo "2267"]
[BlackElo "2483"]
[Annotator "ChessBase"]
[PlyCount "96"]
[EventDate "2019.12.06"]
[EventType "swiss"]
[EventCountry "EST"]
[SourceTitle "playchess.com"]
[Source "ChessBase"]
[SourceQuality "1"]

1. Nf3 d5 2. c4 c6 3. g3 Nf6 4. Bg2 Bg4 5. cxd5 Bxf3 6. Bxf3 cxd5 7. Qb3 Qd7 8. Nc3 e6 9. d3 Nc6 10. Bg2 Be7 11. O-O O-O 12. Bd2 Nd4 13. Qd1 Rac8 14. Rc1 Rc7 15. e3 Nc6 16. d4 Rb8 17. Na4 b6 18. b3 Rbc8 19. Qe2 Ba3 20. Rb1 Qd6 21. Nc3 Qf8 22. Nb5 Rb7 23. Bc1 Be7 24. Bb2 a6 25. Nc3 b5 26. Rfc1 Rbc7 27. Nd1 Ba3 28. Bf3 Nxd4 29. exd4 Rxc1 30. Rxc1 Rxc1 31. Bxc1 Bxc1 32. a4 bxa4 33. bxa4 Qc8 34. Qd3 h6 35. Be2 a5 36. Nc3 Ba3 37. Nb5 Bb4 38. Bf3 g6 39. Kg2 Kg7 40. Qd1 Qc4 41. Be2 Qa2 42. Bd3 h5 43. h3 Ne4 44. Bc2 Be1 45. Qxe1 Qxc2 46. g4 hxg4 47. hxg4 Qxa4 48. Nc7 Qxd4 0-1

[Event "EIBCC 2019"]
[Site "Tallinn"]
[Date "2019.12.07"]
[Round "12.13"]
[White "Rocha, Sergio"]
[Black "Stupak, Kirill"]
[Result "1-0"]
[WhiteElo "2249"]
[BlackElo "2459"]
[Annotator "ChessBase"]
[PlyCount "51"]
[EventDate "2019.12.06"]
[EventType "swiss"]
[EventCountry "EST"]
[SourceTitle "playchess.com"]
[Source "ChessBase"]
[SourceQuality "1"]

1. d4 Nf6 2. g3 d6 3. Bg2 g6 4. e4 Bg7 5. Nc3 O-O 6. Nge2 a6 7. O-O Nc6 8. a4 Nd7 9. h3 e5 10. Be3 Nb4 11. a5 Re8 12. d5 c6 13. Ra4 c5 14. Nb1 b5 15. Ra1 c4 16. Qd2 Nxc2 17. Qxc2 Qc7 18. b3 Nc5 19. bxc4 b4 20. Nd2 f5 21. Kh2 f4 22. Bxc5 Qxc5 23. Nb3 Qa7 24. c5 Rf8 25. Bf3 fxg3+ 26. fxg3 1-0

[Event "EIBCC 2019"]
[Site "Tallinn"]
[Date "2019.12.07"]
[Round "12.14"]
[White "Motylev, Alexander"]
[Black "Troyke, Christian"]
[Result "1-0"]
[WhiteElo "2629"]
[BlackElo "2247"]
[Annotator "ChessBase"]
[PlyCount "61"]
[EventDate "2019.12.06"]
[EventType "swiss"]
[EventCountry "EST"]
[SourceTitle "playchess.com"]
[Source "ChessBase"]
[SourceQuality "1"]

1. e4 c5 2. Nf3 g6 3. d4 cxd4 4. Nxd4 Bg7 5. c4 Nc6 6. Nc2 Nf6 7. Nc3 O-O 8. Be2 b6 9. O-O Bb7 10. f3 Ne8 11. Be3 Nd6 12. Nd4 f5 13. exf5 Nxf5 14. Nxf5 gxf5 15. Qd2 e5 16. Rad1 Nd4 17. Nb5 Nxb5 18. cxb5 d5 19. Bf2 Qf6 20. Rc1 Rac8 21. Rxc8 Rxc8 22. Rc1 Rxc1+ 23. Qxc1 Qd8 24. Bd1 d4 25. Bb3+ Kh8 26. Qc4 e4 27. Qf7 Qc8 28. h4 Be5 29. Be1 exf3 30. Be6 Qg8 31. Qxg8# 1-0

[Event "EIBCC 2019"]
[Site "Tallinn"]
[Date "2019.12.07"]
[Round "12.15"]
[White "Ziska, Helgi Dam"]
[Black "D`Costa, Lorin"]
[Result "1-0"]
[WhiteElo "2614"]
[BlackElo "2361"]
[Annotator "ChessBase"]
[PlyCount "65"]
[EventDate "2019.12.06"]
[EventType "swiss"]
[EventCountry "EST"]
[SourceTitle "playchess.com"]
[Source "ChessBase"]
[SourceQuality "1"]

1. e4 c5 2. Nf3 d6 3. Bb5+ Nc6 4. O-O Bd7 5. Re1 Nf6 6. c3 a6 7. Bf1 Bg4 8. h3 Bxf3 9. Qxf3 g6 10. d3 Bg7 11. Nd2 O-O 12. Qd1 b5 13. Nf3 b4 14. d4 bxc3 15. bxc3 Nd7 16. Be3 Qa5 17. Qc2 Rfc8 18. d5 Nce5 19. Nd2 c4 20. Bd4 Nc5 21. Reb1 Ncd3 22. Rb7 Bf6 23. Bb6 Qb5 24. Rb1 Qe8 25. Be3 g5 26. Bd4 Qf8 27. Nxc4 Nxc4 28. Qxd3 Bxd4 29. cxd4 a5 30. Qc3 Ne5 31. Qe3 Nd7 32. Qxg5+ Kh8 33. Rxd7 1-0

[Event "EIBCC 2019"]
[Site "Tallinn"]
[Date "2019.12.07"]
[Round "12.16"]
[White "Popov, Valerij"]
[Black "Horvath, Dominik"]
[Result "1-0"]
[WhiteElo "2547"]
[BlackElo "2340"]
[Annotator "ChessBase"]
[PlyCount "65"]
[EventDate "2019.12.06"]
[EventType "swiss"]
[EventCountry "EST"]
[SourceTitle "playchess.com"]
[Source "ChessBase"]
[SourceQuality "1"]

1. Nf3 d5 2. c4 e6 3. d4 Nf6 4. Qc2 a6 5. cxd5 exd5 6. Bg5 g6 7. e3 Bf5 8. Bd3 Bxd3 9. Qxd3 Be7 10. Qb3 Nc6 11. Bxf6 Bxf6 12. Nc3 Ne7 13. Qxb7 O-O 14. O-O Qd6 15. Qb3 g5 16. Rfd1 g4 17. Ne1 Rab8 18. Qc2 Qe6 19. Rac1 Rfc8 20. Nd3 Bg5 21. b3 h5 22. Nc5 Qd6 23. Qe2 f5 24. Qxa6 c6 25. Qd3 h4 26. Rb1 Kg7 27. b4 g3 28. f4 gxh2+ 29. Kxh2 Ng6 30. Qxf5 Be7 31. b5 Kh6 32. bxc6 Rf8 33. Qxd5 1-0

[Event "EIBCC 2019"]
[Site "Tallinn"]
[Date "2019.12.07"]
[Round "12.17"]
[White "Ruck, Robert"]
[Black "Kukk, Sander"]
[Result "1/2-1/2"]
[WhiteElo "2541"]
[BlackElo "2312"]
[Annotator "ChessBase"]
[PlyCount "174"]
[EventDate "2019.12.06"]
[EventType "swiss"]
[EventCountry "EST"]
[SourceTitle "playchess.com"]
[Source "ChessBase"]
[SourceQuality "1"]

1. Nf3 g6 2. e4 Bg7 3. d4 d6 4. Bc4 Nf6 5. Qe2 O-O 6. O-O Nc6 7. d5 Nb8 8. h3 a5 9. Nc3 Nbd7 10. Re1 Nc5 11. Bg5 h6 12. Bh4 Nfd7 13. a3 Ne5 14. Nxe5 Bxe5 15. Rad1 Bg7 16. Qe3 g5 17. Bg3 e5 18. dxe6 Bxe6 19. Bxe6 Nxe6 20. e5 Re8 21. exd6 cxd6 22. Bxd6 Qc8 23. Qd3 Qc6 24. Be5 Bxe5 25. Rxe5 Nf4 26. Rxe8+ Rxe8 27. Qf1 Re5 28. g3 Ne6 29. Qd3 b5 30. Nd5 Kg7 31. Ne3 Qc5 32. c3 a4 33. Ng4 Rf5 34. Ne3 Re5 35. Ng4 Rf5 36. Qe3 Qxe3 37. Nxe3 Rc5 38. Kf1 Kf6 39. Ke2 Rc6 40. Rd5 Nc5 41. Nc2 Ke6 42. Rd1 Rb6 43. Nd4+ Ke5 44. Nf3+ Ke6 45. Rd8 f5 46. Nd4+ Ke5 47. Re8+ Kd5 48. Rd8+ Kc4 49. Rc8 f4 50. gxf4 gxf4 51. Kd2 Kd5 52. Ne2 Rf6 53. Rd8+ Kc6 54. Rc8+ Kb6 55. Rd8 Ne4+ 56. Ke1 f3 57. Ng3 Nc5 58. Rb8+ Kc6 59. Rc8+ Kb6 60. Kd2 Rd6+ 61. Ke3 Rd3+ 62. Kf4 Rd2 63. Rxc5 Rxb2 64. Re5 Rb3 65. Ne4 Rxa3 66. Re6+ Ka5 67. Re8 Ra1 68. Ra8+ Kb6 69. Kxf3 Kb7 70. Rd8 a3 71. Rd2 Kb6 72. Kf4 Ka5 73. Nc5 Kb6 74. Nb3 Rb1 75. Nd4 Rb2 76. Rd1 Rxf2+ 77. Ke5 Rh2 78. Rb1 a2 79. Ra1 Kc5 80. Nf3 Rxh3 81. Nd2 Rxc3 82. Ne4+ Kc4 83. Nxc3 Kxc3 84. Rxa2 b4 85. Ke4 b3 86. Ra8 b2 87. Rb8 Kc2 1/2-1/2

[Event "EIBCC 2019"]
[Site "Tallinn"]
[Date "2019.12.07"]
[Round "12.18"]
[White "Turov, Maxim"]
[Black "Martinez Pla, Xavier"]
[Result "1-0"]
[WhiteElo "2535"]
[BlackElo "2301"]
[Annotator "ChessBase"]
[PlyCount "59"]
[EventDate "2019.12.06"]
[EventType "swiss"]
[EventCountry "EST"]
[SourceTitle "playchess.com"]
[Source "ChessBase"]
[SourceQuality "1"]

1. d4 Nf6 2. Nf3 e6 3. c4 b6 4. g3 Bb7 5. Bg2 Be7 6. O-O O-O 7. Qc2 Ne4 8. Nfd2 Nd6 9. c5 Bxg2 10. cxd6 Bxf1 11. dxe7 Qxe7 12. Kxf1 Nc6 13. Nf3 f5 14. Bf4 h6 15. h4 Rac8 16. Nc3 Nb4 17. Qb3 a5 18. a3 Nc6 19. d5 exd5 20. Nxd5 Qf7 21. Rd1 Kh8 22. Qa4 Rfe8 23. Bxc7 Re4 24. Qb5 Qe6 25. Bxb6 f4 26. Nxf4 Qf7 27. Be3 Rb8 28. Qd5 Qe8 29. Qxd7 Qf8 30. Qxc6 1-0

[Event "EIBCC 2019"]
[Site "Tallinn"]
[Date "2019.12.07"]
[Round "12.19"]
[White "Dragnev, Valentin"]
[Black "Saveliev, Alexei"]
[Result "1-0"]
[WhiteElo "2523"]
[BlackElo "2279"]
[Annotator "ChessBase"]
[PlyCount "53"]
[EventDate "2019.12.06"]
[EventType "swiss"]
[EventCountry "EST"]
[SourceTitle "playchess.com"]
[Source "ChessBase"]
[SourceQuality "1"]

1. d4 Nf6 2. c4 e6 3. Nc3 Bb4 4. e3 O-O 5. Bd2 d5 6. Nf3 b6 7. cxd5 exd5 8. Rc1 a6 9. Bd3 Bd6 10. Ne5 Bb7 11. O-O Re8 12. f4 c5 13. Qf3 Nc6 14. Na4 c4 15. Bb1 Ne4 16. Bxe4 dxe4 17. Qh5 g6 18. Qh3 b5 19. Nc3 Nxe5 20. fxe5 Bf8 21. Rxf7 Kxf7 22. Qxh7+ Ke6 23. Qxb7 Qd7 24. d5+ Ke7 25. d6+ Ke6 26. Qd5+ Kf5 27. e6+ 1-0

[Event "EIBCC 2019"]
[Site "Tallinn"]
[Date "2019.12.07"]
[Round "12.20"]
[White "Usmanov, Vasily"]
[Black "Valner, Uku"]
[Result "1-0"]
[WhiteElo "2495"]
[BlackElo "2274"]
[Annotator "ChessBase"]
[PlyCount "135"]
[EventDate "2019.12.06"]
[EventType "swiss"]
[EventCountry "EST"]
[SourceTitle "playchess.com"]
[Source "ChessBase"]
[SourceQuality "1"]

1. d4 e6 2. c4 b6 3. a3 Bb7 4. Nc3 Nf6 5. d5 exd5 6. cxd5 g6 7. e4 Qe7 8. f3 Bg7 9. Bf4 d6 10. Bb5+ Nbd7 11. Nge2 O-O 12. O-O a6 13. Ba4 Ne5 14. Nd4 Nfd7 15. Nc6 Qf6 16. Bg3 b5 17. Nxe5 Nxe5 18. Bb3 Nd7 19. Rc1 Nc5 20. Ba2 Rac8 21. b4 Nd7 22. Qd2 Rfe8 23. Rfd1 Qe7 24. Ne2 Qf8 25. Nd4 Bh6 26. Bf4 Bxf4 27. Qxf4 Ne5 28. Qf6 Qh6 29. Nf5 Qf8 30. Ne3 Qh6 31. Kf2 Nd7 32. Ng4 Nxf6 33. Nxh6+ Kg7 34. Ng4 Nxg4+ 35. fxg4 Rxe4 36. h3 Re7 37. Rc3 Rce8 38. Rd2 f5 39. gxf5 Rf8 40. Bb1 Bc8 41. Re2 Ref7 42. Kg3 gxf5 43. Kf4 Bb7 44. Ba2 Rd8 45. Bb3 Rdd7 46. Re8 Rde7 47. Re3 Rxe8 48. Rxe8 Rd7 49. g3 c6 50. dxc6 Bxc6 51. Rc8 Bb7 52. Rg8+ Kf6 53. Rf8+ Ke7 54. Rf7+ Ke8 55. Rxd7 Kxd7 56. Kxf5 Ke7 57. h4 Bf3 58. Kg5 Be4 59. g4 Bd3 60. Bg8 Kf8 61. Bd5 Ke7 62. Bb7 Ke6 63. Kf4 d5 64. Bxa6 Kd6 65. a4 d4 66. Bxb5 Bc2 67. a5 Kd5 68. a6 1-0

[Event "EIBCC 2019"]
[Site "Tallinn"]
[Date "2019.12.07"]
[Round "12.21"]
[White "Belyakov, Bogdan"]
[Black "Shvyrjov, Igor"]
[Result "1-0"]
[WhiteElo "2431"]
[BlackElo "2273"]
[Annotator "NA"]
[PlyCount "51"]
[EventDate "2019.12.06"]
[EventType "swiss"]
[EventCountry "EST"]
[SourceTitle "playchess.com"]
[Source "ChessBase"]
[SourceQuality "1"]

1. e4 g6 2. d4 Bg7 3. Nc3 d6 4. f4 c6 5. Nf3 Bg4 6. Be2 Qb6 7. e5 Nh6 8. a4 a5 9. Ne4 Nf5 10. c3 O-O 11. e6 f6 12. h3 Bxf3 13. Bxf3 Nh4 14. Ng3 f5 15. O-O Na6 16. Be2 Nc7 17. Nh1 g5 18. fxg5 Nxe6 19. Qe1 Ng6 20. Bc4 Bxd4+ 21. Nf2 Be5 22. Bxe6+ Kg7 23. Kh1 d5 24. Nd3 Bd6 25. Be3 Qb3 26. Bd4+ 1-0

[Event "EIBCC 2019"]
[Site "Tallinn"]
[Date "2019.12.07"]
[Round "12.22"]
[White "Lazavik, Denis"]
[Black "Nguyen, Thai Dai Van"]
[Result "1/2-1/2"]
[WhiteElo "2222"]
[BlackElo "2419"]
[Annotator "NA"]
[PlyCount "62"]
[EventDate "2019.12.06"]
[EventType "swiss"]
[EventCountry "EST"]
[SourceTitle "playchess.com"]
[Source "ChessBase"]
[SourceQuality "1"]

1. d4 Nf6 2. c4 e6 3. Nf3 d5 4. Nc3 Bb4 5. Bg5 h6 6. Bxf6 Qxf6 7. e3 O-O 8. Rc1 dxc4 9. Bxc4 c5 10. O-O cxd4 11. Nxd4 Bd7 12. Qb3 Nc6 13. Nxc6 Bxc3 14. Qxc3 Bxc6 15. Qxf6 gxf6 16. Rfd1 Rfd8 17. f3 f5 18. Kf2 Kf8 19. a3 Ke7 20. b4 Ba4 21. Rxd8 Rxd8 22. Be2 Bc6 23. Ke1 a6 24. Rd1 Rg8 25. g3 Rc8 26. Rc1 Ra8 27. f4 Kd6 28. Rd1+ Ke7 29. Rc1 Kd6 30. Rd1+ Bd5 31. g4 Kc6 1/2-1/2

[Event "EIBCC 2019"]
[Site "Tallinn"]
[Date "2019.12.07"]
[Round "12.23"]
[White "Loginov, Valery A"]
[Black "Chernyak, Viktoria"]
[Result "0-1"]
[WhiteElo "2376"]
[BlackElo "2213"]
[Annotator "NA"]
[PlyCount "36"]
[EventDate "2019.12.06"]
[EventType "swiss"]
[EventCountry "EST"]
[SourceTitle "playchess.com"]
[Source "ChessBase"]
[SourceQuality "1"]

1. Nf3 c5 2. g3 Nc6 3. d4 cxd4 4. Nxd4 g6 5. Bg2 Bg7 6. Nb3 Nf6 7. Nc3 O-O 8. O-O d6 9. h3 Be6 10. e4 a6 11. Nd5 Rc8 12. Be3 Ne5 13. Bb6 Qd7 14. Bd4 Nxd5 15. exd5 Bxh3 16. f4 Bxg2 17. Kxg2 Ng4 18. Bxg7 Ne3+ 0-1

[Event "EIBCC 2019"]
[Site "Tallinn"]
[Date "2019.12.07"]
[Round "12.24"]
[White "Babanin, Gleb"]
[Black "Dorokhin, Mykhailo"]
[Result "0-1"]
[WhiteElo "2201"]
[BlackElo "2364"]
[Annotator "NA"]
[PlyCount "66"]
[EventDate "2019.12.06"]
[EventType "swiss"]
[EventCountry "EST"]
[SourceTitle "playchess.com"]
[Source "ChessBase"]
[SourceQuality "1"]

1. e4 c6 2. Nc3 d5 3. Nf3 dxe4 4. Nxe4 Nf6 5. Nxf6+ gxf6 6. Bc4 Bf5 7. Qe2 e6 8. d4 Nd7 9. Nh4 Bg6 10. Be3 Be7 11. O-O-O Qc7 12. g3 Be4 13. Bf4 e5 14. Qxe4 exf4 15. Nf5 Nb6 16. Rhe1 Nxc4 17. Nxe7 Kf8 18. gxf4 Re8 19. Qd3 Nxb2 20. Kxb2 Rxe7 21. Qa3 Ke8 22. Rxe7+ Qxe7 23. Qxa7 Qb4+ 24. Kc1 Kd7 25. a3 Qb5 26. d5 c5 27. Rd3 c4 28. Re3 Rg8 29. Rg3 Rxg3 30. hxg3 c3 31. Qd4 Qf1+ 32. Qd1 Qxf2 33. Kb1 Qb6+ 0-1

[Event "EIBCC 2019"]
[Site "Tallinn"]
[Date "2019.12.07"]
[Round "12.25"]
[White "Riazantsev, Alexander"]
[Black "Kononenko, Dmitry"]
[Result "1-0"]
[WhiteElo "2635"]
[BlackElo "2706"]
[Annotator "RC"]
[PlyCount "105"]
[EventDate "2019.12.06"]
[EventType "swiss"]
[EventCountry "EST"]
[SourceTitle "playchess.com"]
[Source "ChessBase"]
[SourceQuality "1"]

1. d4 Nf6 2. c4 c5 3. d5 b5 4. cxb5 a6 5. bxa6 g6 6. Nc3 Bg7 7. e4 O-O 8. Nf3 Qa5 9. Bd2 Bxa6 10. Be2 Bxe2 11. Qxe2 Qa6 12. e5 Qxe2+ 13. Kxe2 Ne8 14. Nb5 e6 15. dxe6 fxe6 16. Bc3 Ra4 17. Rhd1 Rf7 18. b3 Rg4 19. h3 Rgf4 20. Rd3 Nc6 21. Rad1 Re4+ 22. Kf1 Bxe5 23. Ng5 Bxc3 24. Nxc3 Rd4 25. Nxf7 Kxf7 26. Nb5 Rxd3 27. Rxd3 d5 28. Rc3 Nb4 29. Rxc5 Nxa2 30. Nd4 Nb4 31. Rb5 Nd3 32. Rb7+ Kf6 33. Rxh7 e5 34. Nb5 Nc5 35. Rh8 Ng7 36. Rc8 Nxb3 37. Nc3 d4 38. Ne4+ Kf5 39. f3 Ne6 40. Rc6 d3 41. g4+ Kf4 42. Rxe6 Ke3 43. Kg2 Nd4 44. Rxg6 Nxf3 45. Rf6 Nh4+ 46. Kg3 Kxe4 47. Kxh4 d2 48. Rd6 Ke3 49. g5 Ke2 50. g6 e4 51. g7 e3 52. g8=Q Kd1 53. Qd5 1-0

[Event "EIBCC 2019"]
[Site "Tallinn"]
[Date "2019.12.07"]
[Round "12.26"]
[White "Ortega Ruiz, Jose Miguel"]
[Black "Pohjala, Henri"]
[Result "1-0"]
[WhiteElo "2272"]
[BlackElo "2447"]
[Annotator "NA"]
[PlyCount "121"]
[EventDate "2019.12.06"]
[EventType "swiss"]
[EventCountry "EST"]
[SourceTitle "playchess.com"]
[Source "ChessBase"]
[SourceQuality "1"]

1. d4 d5 2. Nf3 Nf6 3. c4 c6 4. e3 e6 5. Nc3 Nbd7 6. Bd3 b6 7. O-O Bb7 8. e4 dxe4 9. Nxe4 Nxe4 10. Bxe4 Bd6 11. d5 cxd5 12. cxd5 Nc5 13. Re1 Nxe4 14. Rxe4 Bxd5 15. Rg4 g6 16. Bg5 f6 17. Bh6 Qd7 18. Rc1 Kf7 19. Rc3 Rhc8 20. Rd3 Qb5 21. h4 Be7 22. h5 Rc7 23. hxg6+ hxg6 24. Bf4 Rcc8 25. a4 Qd7 26. Be5 Rh8 27. Rf4 Rh5 28. Bc3 Rf5 29. Rxf5 gxf5 30. Nd4 Rh8 31. Nxf5 Qc7 32. Ng3 Bd6 33. Rxd5 exd5 34. Qxd5+ Kf8 35. Bxf6 Rg8 36. Qe6 Bxg3 37. fxg3 Rg6 38. Qf5 Qc1+ 39. Kh2 Qh6+ 40. Bh4+ Kg7 41. Qd7+ Kh8 42. Qxa7 Rg7 43. Qa8+ Kh7 44. Qe4+ Qg6 45. Qe3 Rf7 46. b4 Rf5 47. Qc3 Rf7 48. a5 bxa5 49. bxa5 Ra7 50. Qc5 Ra6 51. Qc7+ Kh6 52. Qd8 Kh7 53. Qe7+ Kh6 54. Qe3+ Kh7 55. Qc3 Kg8 56. Qb4 Kh7 57. g4 Qc6 58. Qe7+ Kg8 59. g5 Ra8 60. Bg3 Qd5 61. Be5 1-0

[Event "EIBCC 2019"]
[Site "Tallinn"]
[Date "2019.12.07"]
[Round "12.27"]
[White "Bru Rullo, Llatzer"]
[Black "Thorfinnsson, Bragi"]
[Result "1-0"]
[WhiteElo "2242"]
[BlackElo "2422"]
[Annotator "NA"]
[PlyCount "97"]
[EventDate "2019.12.06"]
[EventType "swiss"]
[EventCountry "EST"]
[SourceTitle "playchess.com"]
[Source "ChessBase"]
[SourceQuality "1"]

1. d4 Nf6 2. c4 e6 3. Nc3 c5 4. d5 d6 5. e4 g6 6. h3 Bg7 7. Nf3 O-O 8. Bd3 Na6 9. O-O Nc7 10. Bg5 h6 11. Be3 exd5 12. exd5 a6 13. Qd2 Kh7 14. a4 Bd7 15. Nh2 Rb8 16. f4 b5 17. f5 g5 18. Bxg5 hxg5 19. Qxg5 Bh6 20. Qh4 bxc4 21. Bb1 Rxb2 22. Nf3 Rg8 23. g4 Rxb1 24. Raxb1 Bxf5 25. g5 Rg6 26. Rbe1 Nfxd5 27. Nxd5 Nxd5 28. Kh2 Qg8 29. gxh6 Rg2+ 30. Kh1 Rg3 31. Rg1 Rxh3+ 32. Qxh3 Bxh3 33. Rxg8 Kxg8 34. Ng5 Be6 35. Nxe6 fxe6 36. Rxe6 c3 37. Re1 Nf4 38. Rc1 Ne2 39. Rc2 Ng3+ 40. Kg2 Ne4 41. Kf3 d5 42. Kf4 Kf7 43. Rg2 Nf6 44. Ke5 c2 45. Rxc2 Nd7+ 46. Kxd5 Nb6+ 47. Kc6 Nxa4 48. Rg2 Nc3 49. h7 1-0

[Event "EIBCC 2019"]
[Site "Tallinn"]
[Date "2019.12.07"]
[Round "12.28"]
[White "Volodin, Aleksandr"]
[Black "Martynov, Roman"]
[Result "1-0"]
[WhiteElo "2401"]
[BlackElo "2196"]
[Annotator "NA"]
[PlyCount "143"]
[EventDate "2019.12.06"]
[EventType "swiss"]
[EventCountry "EST"]
[SourceTitle "playchess.com"]
[Source "ChessBase"]
[SourceQuality "1"]

1. d4 Nf6 2. c4 e6 3. Nf3 b6 4. a3 Bb7 5. Nc3 Ne4 6. Qc2 Nxc3 7. Qxc3 Be7 8. g3 O-O 9. Bg2 c5 10. O-O cxd4 11. Qxd4 d6 12. Rd1 Nd7 13. Qf4 Qc7 14. b3 Rfd8 15. Bb2 Bf6 16. Bxf6 Nxf6 17. Rac1 h6 18. a4 Qc5 19. Qd4 Qxd4 20. Nxd4 Bxg2 21. Kxg2 Rd7 22. Nb5 Rad8 23. e3 a6 24. Nd4 Rc7 25. Ra1 Kf8 26. a5 Rb8 27. axb6 Rxb6 28. Ra3 Nd7 29. Ne2 Ke7 30. f4 Nc5 31. Nd4 g6 32. Rb1 Ne4 33. Rba1 Nc5 34. Kf3 e5 35. fxe5 dxe5 36. Ne2 Nxb3 37. Nc3 Nd2+ 38. Ke2 Rb2 39. Nd5+ Kd7 40. R3a2 Rcb7 41. Rxb2 Rxb2 42. Kd3 Nb1 43. Rxa6 f5 44. e4 Rd2+ 45. Ke3 Rxh2 46. Rxg6 Nd2 47. Nb6+ Ke7 48. exf5 Nf1+ 49. Ke4 Re2+ 50. Kf3 Rb2 51. Nd5+ Kf7 52. g4 Rb3+ 53. Kf2 Nd2 54. Rf6+ Kg7 55. Rg6+ Kf7 56. Rf6+ Kg7 57. Rg6+ Kf7 58. Rxh6 Nxc4 59. Rf6+ Kg7 60. Rg6+ Kf7 61. Rf6+ Kg7 62. Rc6 Nd2 63. Rc7+ Kh6 64. Rc6+ Kg5 65. Rg6+ Kh4 66. f6 Ne4+ 67. Ke1 Rf3 68. Ke2 Rb3 69. f7 Ng3+ 70. Kd1 Rd3+ 71. Kc2 Rf3 72. Nf6 1-0

[Event "EIBCC 2019"]
[Site "Tallinn"]
[Date "2019.12.07"]
[Round "12.29"]
[White "Kozak, Adam"]
[Black "Muter, Donny"]
[Result "1-0"]
[WhiteElo "2385"]
[BlackElo "2169"]
[Annotator "NA"]
[PlyCount "53"]
[EventDate "2019.12.06"]
[EventType "swiss"]
[EventCountry "EST"]
[SourceTitle "playchess.com"]
[Source "ChessBase"]
[SourceQuality "1"]

1. d4 Nf6 2. Nf3 e6 3. Bg5 d5 4. e3 Be7 5. Bd3 O-O 6. Nbd2 h6 7. Bh4 c5 8. c3 Nc6 9. O-O b6 10. Ne5 Nxe5 11. dxe5 Nd7 12. Bg3 Bb7 13. Qg4 Qe8 14. f4 f5 15. exf6 Bxf6 16. e4 c4 17. Bc2 h5 18. Qe2 b5 19. e5 Be7 20. f5 exf5 21. Bxf5 Nc5 22. Bc2 Ne6 23. Rxf8+ Bxf8 24. Qf3 Qf7 25. Bh7+ Kxh7 26. Qxf7 Nc5 27. e6 1-0

[Event "EIBCC 2019"]
[Site "Tallinn"]
[Date "2019.12.07"]
[Round "12.30"]
[White "Kanep, Siim"]
[Black "Mustaps, Matiss"]
[Result "0-1"]
[WhiteElo "2166"]
[BlackElo "2361"]
[Annotator "NA"]
[PlyCount "135"]
[EventDate "2019.12.06"]
[EventType "swiss"]
[EventCountry "EST"]
[SourceTitle "playchess.com"]
[Source "ChessBase"]
[SourceQuality "1"]

1. d4 Nf6 2. Bg5 e6 3. e4 c5 4. e5 h6 5. Bc1 Nh7 6. dxc5 Bxc5 7. Nf3 Nc6 8. Bd3 Ng5 9. Nbd2 Nxf3+ 10. Nxf3 Qc7 11. Qe2 g5 12. h3 b6 13. O-O Bb7 14. c3 Be7 15. Re1 O-O-O 16. Ba6 Rdg8 17. Bxb7+ Qxb7 18. Nd4 h5 19. Nxc6 Qxc6 20. Qe4 g4 21. Qxc6+ dxc6 22. hxg4 Rxg4 23. f3 Rg6 24. Bf4 h4 25. Kf2 Bc5+ 26. Be3 Rhg8 27. Bxc5 Rxg2+ 28. Ke3 bxc5 29. Rh1 Rh8 30. Rag1 Rxg1 31. Rxg1 h3 32. Rh1 c4 33. Kf4 Rh5 34. Kg3 Rxe5 35. Rxh3 Re2 36. Rh7 Rxb2 37. Rxf7 Rxa2 38. Kf4 a5 39. Ke5 Kb8 40. Kd6 a4 41. Kxc6 Rb2 42. Rf8+ Ka7 43. Rf7+ Ka6 44. Rf8 Ka7 45. Rf7+ Ka6 46. Rf8 Ka7 47. Rf7+ Ka8 48. Rf8+ Rb8 49. Rf4 a3 50. Rh4 a2 51. Rh1 Rb1 52. Rh8+ Ka7 53. Rh7+ Ka8 54. Rh8+ Ka7 55. Rh7+ Ka8 56. Rh8+ Rb8 57. Rh1 Ka7 58. Ra1 Rb2 59. Kc5 Ka6 60. Kxc4 Ka5 61. Kd4 Ka4 62. c4 Kb3 63. c5 Rc2 64. f4 Kb2 65. Rxa2+ Kxa2 66. Ke5 Rc4 67. c6 Rxc6 68. Kd4 0-1

[Event "EIBCC 2019"]
[Site "Tallinn"]
[Date "2019.12.07"]
[Round "12.31"]
[White "Askerov, Marat"]
[Black "Duzhakov, Ilya"]
[Result "1-0"]
[WhiteElo "2164"]
[BlackElo "2346"]
[Annotator "NA"]
[PlyCount "69"]
[EventDate "2019.12.06"]
[EventType "swiss"]
[EventCountry "EST"]
[SourceTitle "playchess.com"]
[Source "ChessBase"]
[SourceQuality "1"]

1. d4 Nf6 2. c4 e6 3. Nf3 d5 4. Nc3 Bb4 5. e3 O-O 6. a3 Bd6 7. Bd3 c6 8. O-O Nbd7 9. e4 dxe4 10. Nxe4 Nxe4 11. Bxe4 Nf6 12. Bc2 h6 13. b4 b6 14. Qd3 a5 15. c5 Ba6 16. Qe3 Bxf1 17. Kxf1 Bc7 18. Rb1 axb4 19. axb4 bxc5 20. dxc5 Qd5 21. Bb2 Qc4+ 22. Bd3 Qf4 23. Qxf4 Bxf4 24. Bxf6 gxf6 25. Be4 Rac8 26. Nd4 f5 27. Bf3 e5 28. Nxc6 Rfe8 29. Bd5 Rc7 30. b5 Rd7 31. Nb4 Bd2 32. Bc6 Bxb4 33. Bxd7 Re7 34. Rxb4 Rxd7 35. b6 1-0

[Event "EIBCC 2019"]
[Site "Tallinn"]
[Date "2019.12.07"]
[Round "12.32"]
[White "Stabulnieks, Klavs"]
[Black "Litwak, Aleksej"]
[Result "1-0"]
[WhiteElo "2069"]
[BlackElo "2284"]
[Annotator "NA"]
[PlyCount "51"]
[EventDate "2019.12.06"]
[EventType "swiss"]
[EventCountry "EST"]
[SourceTitle "playchess.com"]
[Source "ChessBase"]
[SourceQuality "1"]

1. e4 c6 2. d4 d5 3. Nc3 dxe4 4. Nxe4 Bf5 5. Ng3 Bg6 6. h4 h6 7. Nh3 Nf6 8. Nf4 Bh7 9. Bc4 e6 10. O-O Bd6 11. Re1 O-O 12. c3 Nbd7 13. Nxe6 fxe6 14. Rxe6 Bxg3 15. Rxf6+ Kh8 16. Rxf8+ Nxf8 17. fxg3 c5 18. Be3 cxd4 19. Bxd4 Qc7 20. Qg4 Re8 21. Rf1 Bg8 22. Bd3 Ne6 23. Bf2 Nc5 24. Bc2 Bd5 25. Qd4 Ne6 26. Qxd5 1-0

[Event "EIBCC 2019"]
[Site "Tallinn"]
[Date "2019.12.07"]
[Round "12.33"]
[White "Nazaretyan, Tigran"]
[Black "Samunenkov, Ihor"]
[Result "1-0"]
[WhiteElo "2277"]
[BlackElo "2062"]
[Annotator "NA"]
[PlyCount "41"]
[EventDate "2019.12.06"]
[EventType "swiss"]
[EventCountry "EST"]
[SourceTitle "playchess.com"]
[Source "ChessBase"]
[SourceQuality "1"]

1. d4 Nf6 2. c4 e6 3. Nf3 b6 4. a3 Bb7 5. Nc3 Ne4 6. Nxe4 Bxe4 7. Nd2 Bg6 8. e4 d5 9. cxd5 exd5 10. e5 c6 11. h4 h6 12. h5 Bh7 13. Qg4 Qd7 14. Qg3 c5 15. Nf3 Nc6 16. Be3 Be4 17. Bb5 c4 18. e6 Qxe6 19. Ne5 Rc8 20. Nxc6 Rxc6 21. Qc7 1-0

[Event "EIBCC 2019"]
[Site "Tallinn"]
[Date "2019.12.07"]
[Round "12.34"]
[White "Siniauski, Artsiom"]
[Black "Reizniece-Ozola, Dana"]
[Result "1-0"]
[WhiteElo "2056"]
[BlackElo "2275"]
[Annotator "NA"]
[PlyCount "111"]
[EventDate "2019.12.06"]
[EventType "swiss"]
[EventCountry "EST"]
[SourceTitle "playchess.com"]
[Source "ChessBase"]
[SourceQuality "1"]

1. e4 d6 2. d4 g6 3. Nc3 Bg7 4. Nge2 a6 5. a4 b6 6. g3 Bb7 7. Bg2 e6 8. O-O Ne7 9. Be3 O-O 10. Qd2 Nd7 11. Bh6 Qc8 12. Bxg7 Kxg7 13. f4 f5 14. d5 fxe4 15. Nd4 exd5 16. Ne6+ Kg8 17. Nxf8 Qxf8 18. Bh3 Nf6 19. Be6+ Kg7 20. f5 c5 21. fxg6 hxg6 22. Ne2 d4 23. Nf4 e3 24. Qd3 Be4 25. Qe2 Qd8 26. Bg4 Bd5 27. Bf3 Qg8 28. Bxd5 Nexd5 29. Qf3 Nxf4 30. Qxf4 Qe6 31. Rae1 Ne4 32. Re2 Nd2 33. Rxd2 exd2 34. Qxd2 Re8 35. Qf4 Qe3+ 36. Qxe3 dxe3 37. Re1 d5 38. Kf1 d4 39. Ke2 Rf8 40. Kd3 Rf2 41. c3 Rd2+ 42. Ke4 Rxb2 43. cxd4 Rb4 44. Kxe3 Rxd4 45. Ra1 Kf6 46. a5 b5 47. h4 Kf5 48. Rf1+ Kg4 49. Rf6 Kxg3 50. Rxg6+ Kxh4 51. Rxa6 Ra4 52. Rc6 c4 53. a6 Kg4 54. Kd4 Kf3 55. Rb6 Rxa6 56. Rxa6 1-0